00497 a2200169 450000100060000002000150000604000220002110000440004324000340008724500290012130000080015036200090015865000230016794200070019095201130019799900170031056584 a8589404056 cAnchieta - Pituba aGuimarães, José Aurélio Sant'Anna10aCadê, Princesa Isabel?lpor10aCadê, Princesa Isabel? a1250 a2006 4aLiteratura juvenil cBK 00104070a91.1b91.1d2023-11-21l0oLJ 028.5 G963c GUI CADp6137/PITr2023-11-21 18:24:04w2023-11-21yBK c56584d56584